|
|
|
|
| LEADER |
00000cam a2200000 a 4500 |
| 001 |
vtls010266831 |
| 003 |
SK-MaSNL |
| 005 |
20260301031616.0 |
| 008 |
251120s2011 xo a j f000 0 slo |
| 013 |
|
|
|a 287608
|b SK
|c patent
|d 20110304
|e dátum nadobudnutia účinkov patentu (Vestník ÚPV SR č.: 3/2011)
|d 20110307
|e dátum sprístupnenia patentu
|
| 013 |
|
|
|a 1251-2003
|e číslo prihlášky
|d 20020412
|e dátum podania prihlášky
|d 20040406
|e dátum zverejnenia prihlášky (Vestník ÚPV SR č.: 4/2004)
|
| 013 |
|
|
|a 101 18 458.1
|e číslo prioritnej prihlášky
|d 20010412
|e dátum podania prioritnej prihlášky
|b DE
|e kód krajiny prioritnej prihlášky
|
| 015 |
|
|
|a SNBN2013
|
| 040 |
|
|
|a SNK
|b slo
|c SNK
|e AACR2
|
| 041 |
0 |
|
|a slo
|
| 044 |
|
|
|a xo
|c SK
|
| 072 |
|
7 |
|a 577
|x Biochémia. Molekulárna biológia . Biofyzika
|2 konspekt
|
| 072 |
|
7 |
|a 633
|x Rastlinná výroba
|2 konspekt
|
| 080 |
|
|
|a 577.12:633
|2 2001
|
| 080 |
|
|
|a 633
|2 2001
|
| 084 |
|
|
|a C07K 14/54
|2 IPC
|
| 245 |
0 |
0 |
|a Kombinácia bioregulačne aktívnych zložiek
|c Reiner Kober ... [et al.] ; patent. zást. ŽOVICOVÁ&ŽOVIC IP Bratislava
|
| 260 |
|
|
|a [Banská Bystrica]
|b Úrad priemyselného vlastníctva SR
|c [2011]
|
| 300 |
|
|
|a 10 s.
|b tab.
|c 30 cm
|
| 650 |
0 |
7 |
|a bioregulátory
|2 SVKBBPH
|9 327392
|
| 650 |
0 |
7 |
|a poľnohospodárstvo
|2 SVKBBPH
|9 679
|
| 650 |
0 |
7 |
|a Bioregulators
|2 SNKPH
|9 327393
|
| 650 |
0 |
7 |
|a Agriculture
|2 SNKPH
|9 265172
|
| 655 |
|
7 |
|a patenty
|2 SNKPH
|9 177343
|
| 655 |
|
7 |
|a patent licenses
|2 SNKPHeng
|9 303430
|
| 700 |
1 |
|
|a Rademacher, Wilhelm
|4 org
|9 327394
|
| 700 |
1 |
|
|a Fries, Jürgen
|4 org
|9 327395
|
| 700 |
1 |
|
|a Ziegler, Hans
|4 org
|9 327396
|
| 700 |
1 |
|
|a Kober, Reiner
|4 org
|9 327397
|
| 710 |
2 |
|
|a BASF AKTIENGESELLSCHAFT (Ludwigshafen, Nemecko)
|4 pth
|9 306000
|
| 710 |
2 |
|
|a Žovicová & Žovic IP (Bratislava, Slovensko)
|4 oth
|9 262786
|
| 999 |
|
|
|c 577003
|d 578933
|
| 952 |
|
|
|a SNK
|b SNK
|y PREZ
|7 0
|p 17A1090833
|o snkSK 287608
|i snk2013/24420
|8 0
|0 0
|1 0
|4 0
|d 2013-10-11
|l 0
|r 2026-02-23 14:37:04
|w 2026-02-23
|